000 00321nam a22001337a 4500
082 _a030
_bRAV/C
100 _aRAVICHANDRAN, C R
245 _aCOMPLETE COMPUTER DICTIONARY
250 _aFIRST EDITION
260 _aTRICHUR
_bLUNES PUBLICATIONS
_c1999
300 _a456
650 _aCOMPUTER DICTIONARY
_zINDIA
942 _cBK
999 _c1715
_d1715